The Ironman Quiz - Statistics

General Stats
  • This quiz has been taken 1,069 times
  • The average score is 7 of 15
Answer Stats
Hint Answer % Correct
Ironman's real identity Tony Stark
99%
True or False: Ironman's suit is made of iron False
89%
Ironman's love interest Pepper Potts
77%
The Stark House AI Jarvis
76%
Ironman's father's name Howard Stark
66%
Ironman's best friend James Rhodes
60%
Name of the other main Ironman suit War machine
47%
A rival of Ironman's company in the movies Justin Hammer
41%
College Ironman went to MIT
36%
Name of the exhibition about innovative technology hosted by Ironman? Stark Expo
28%
What element was powering the suit before he invented his own element Palladium
19%
Name of the robot Ironman made in college Dummy
16%
Ironman's enemy in the second movie Anton Vanko
13%
When were the Ironman films made? 2008 and 2010
11%
What is the suit made of? A titanium-gold alloy
3%
No matching quizzes found
Score Distribution
Percent of People with Each Score
Percentile by Number Answered
Your Score History
You have not taken this quiz